Perrerías de un gato / (Registro nro. 9544)

Detalles MARC
000 -LIDER
fixed length control field 02197nam a22005295b 4500
001 - NÚMERO DE CONTROL
Identificador de número de control 393762
003 - IDENTIFICACDOR DE NÚMERO DE CONTROL
control field DO-SdBNP
005 - DATE AND TIME OF LATEST TRANSACTION
control field 20180221104534.0
007 - CAMPOS FIJOS DE DESCRIPCIÓN FÍSICA
fixed length control field 393762
008 - ELEMENTOS DE LONGITUD FIJA
fixed length control field 940209s1993 sp a |||| ||spa
016 7# - NO. DE CONTROL DE LA AGENCIA BIB. NACIONAL
Record control number
Source BPMSU
017 ## - NÚMERO DE REGISTRO DE DERECHOS DE AUTOR
Copyright or legal deposit number
Assigning agency
020 ## - ISBN
International Standard Book Number 8434825171
035 ## - NÚMERO LOCAL
System control number
040 ## - FUENTE DE CATALOGACIÓN
Agencia que crea de manera original el registro BPMSU
Idioma de catalogación spa
Agencia que realiza la transcripción BPMSU
Convenciones de la despripción
041 1# - CÓDIGOS DE OBRAS TRADUCIDAS O EN VARIOS IDIOMAS
Código del idioma del texto/archivo de sonido o separata spa
Cód. del idioma original y/o traducciones intermedias del texto
080 #0 - NÚMERO DE CLASIFICACIÓN DECIMAL UNIVERSAL
Universal Decimal Classification number
100 2# - ASIENTO PRINCIPAL -- NOMBRE PERSONAL
Nombre personal O'Callaghan i Duch, Elena
Fechas asociadas con el nombre 1955-
240 10 - TITULO UNIFORME
Título uniforme Bestieses i animalades /
245 10 - MENCIÓN DE TITULO
Título Perrerías de un gato /
Medio (Designación general de material)
Mención de responsabilidad Elena O'Callaghan i Duch ; ilustraciones, Roser Capdevila ; versión al castellano de la autora
250 ## - MENCIÓN DE EDICION
Mención de edición 7ª ed.
260 ## - PUBLICACIÓN, DISTRIBUCIÓN, ETC. (PIE DE IMPRENTA)
Lugar de publicación, distribución, etc Madrid :
Nombre del editor, distribuidor, etc. SM,
Fecha de publicación, distribución, etc 1993
300 ## - DESCRIPCIÓN FÍSICA
Extensión 101 p.:
Otros detalles físicos il.,
Dimensiones 19 cm
490 0# - MENCIÓN DE SERIES
Mención de serie El barco de vapor
-- Serie azul
Volume/sequential designation 31
521 ## - TARGET AUDIENCE NOTE
Target audience note A partir de 7 años.
700 11 - ASIENTO SECUNDARIO -- NOMBRE PERSONAL
Nombre personal Capdevila, Roser
Fechas asociadas con el nombre 1939-
Mención de responsabilidad il.
830 #0 - ASIENTO SECUNDARIO DE SERIE--TÍTULO UNIFORME
Título uniforme El barco de vapor.
Idioma de una obra
Nombre de la parte o sección de una obra Serie azulSerie azulvv
Volume number/sequential designation 31
942 ## - ADDED ENTRY ELEMENTS (KOHA)
Source of classification or shelving scheme Dewey Decimal Classification
Koha item type Libros
945 ## - INFORMACIÓN DE PROCESAMIENTO LOCAL
Información de procesamiento local Inventariado, 2018/ YL
956 ## - LOCAL ELECTRONIC LOCATION AND ACCESS (OCLC)
Nombre de host VMATEO
Método de acceso 10
Materiales especificados 20160405
Enlace BPMSU
Campo enlazado y núm. de secuencia 0069
980 ## - EQUIVALENCE OR CROSS-REFERENCE-SERIES STATEMENT--PERSONAL NAME/TITLE [LOCAL, CANADA]
Personal name M-BN
Numeration BNMADRID
Attribution qualifier 9/97505
Titles and other words associated with a name SG_RECOLET
980 ## - EQUIVALENCE OR CROSS-REFERENCE-SERIES STATEMENT--PERSONAL NAME/TITLE [LOCAL, CANADA]
Personal name M 10894-2005
-- 84-348-2517-1
-- M-BN
Numeration BNALCALA
Attribution qualifier AHM/16274
Titles and other words associated with a name SALA_ALC
980 ## - EQUIVALENCE OR CROSS-REFERENCE-SERIES STATEMENT--PERSONAL NAME/TITLE [LOCAL, CANADA]
Personal name M 52843-2002
-- 84-348-2517-1
-- M-BN
Numeration BNALCALA
Attribution qualifier AHM/731335
Titles and other words associated with a name SALA_ALC
980 ## - EQUIVALENCE OR CROSS-REFERENCE-SERIES STATEMENT--PERSONAL NAME/TITLE [LOCAL, CANADA]
Personal name M 10894-2005
-- 84-348-2517-1
-- M-BN
Attribution qualifier AHMo/130600
980 ## - EQUIVALENCE OR CROSS-REFERENCE-SERIES STATEMENT--PERSONAL NAME/TITLE [LOCAL, CANADA]
Personal name M 20074-2000
-- 84-348-2517-1
-- M-BN
Numeration BNALCALA
Attribution qualifier DL/1012727
Titles and other words associated with a name CONSERVACI
980 ## - EQUIVALENCE OR CROSS-REFERENCE-SERIES STATEMENT--PERSONAL NAME/TITLE [LOCAL, CANADA]
Personal name M-BN
Numeration BNALCALA
Attribution qualifier DL/599587
Titles and other words associated with a name CONSERVACI
980 ## - EQUIVALENCE OR CROSS-REFERENCE-SERIES STATEMENT--PERSONAL NAME/TITLE [LOCAL, CANADA]
Personal name M 30466-1993
-- M-BN
Numeration BNALCALA
Attribution qualifier DL/604585
Titles and other words associated with a name CONSERVACI
980 ## - EQUIVALENCE OR CROSS-REFERENCE-SERIES STATEMENT--PERSONAL NAME/TITLE [LOCAL, CANADA]
Personal name M 6315-1995
-- M-BN
Numeration BNALCALA
Attribution qualifier DL/701208
Titles and other words associated with a name CONSERVACI
980 ## - EQUIVALENCE OR CROSS-REFERENCE-SERIES STATEMENT--PERSONAL NAME/TITLE [LOCAL, CANADA]
Personal name M 13250-1997
-- M-BN
Numeration BNALCALA
Attribution qualifier DL/762278
Titles and other words associated with a name CONSERVACI
980 ## - EQUIVALENCE OR CROSS-REFERENCE-SERIES STATEMENT--PERSONAL NAME/TITLE [LOCAL, CANADA]
Personal name M 25914-1998
-- M-BN
Numeration BNALCALA
Attribution qualifier DL/844997
Titles and other words associated with a name CONSERVACI
980 ## - EQUIVALENCE OR CROSS-REFERENCE-SERIES STATEMENT--PERSONAL NAME/TITLE [LOCAL, CANADA]
Personal name M 28691-1999
-- 84-348-2517-1
-- M-BN
Numeration BNALCALA
Attribution qualifier DL/941397
Titles and other words associated with a name CONSERVACI
980 ## - EQUIVALENCE OR CROSS-REFERENCE-SERIES STATEMENT--PERSONAL NAME/TITLE [LOCAL, CANADA]
Personal name M 1282-2001
-- 84-348-2517-1
-- M-BN
Numeration BNALCALA
Attribution qualifier DL/1048087
Titles and other words associated with a name CONSERVACI
980 ## - EQUIVALENCE OR CROSS-REFERENCE-SERIES STATEMENT--PERSONAL NAME/TITLE [LOCAL, CANADA]
Personal name M 19959-2002
-- 84-348-2517-1
-- M-BN
Numeration BNALCALA
Attribution qualifier DL/1141772
Titles and other words associated with a name CONSERVACI
980 ## - EQUIVALENCE OR CROSS-REFERENCE-SERIES STATEMENT--PERSONAL NAME/TITLE [LOCAL, CANADA]
Personal name M 52843-2002
-- 84-348-2517-1
-- M-BN
Numeration BNALCALA
Attribution qualifier DL/1201143
Titles and other words associated with a name CONSERVACI
980 ## - EQUIVALENCE OR CROSS-REFERENCE-SERIES STATEMENT--PERSONAL NAME/TITLE [LOCAL, CANADA]
Personal name M 43578-2003
-- 84-348-2517-1
-- M-BN
Numeration BNALCALA
Attribution qualifier DL/1276286
Titles and other words associated with a name CONSERVACI
980 ## - EQUIVALENCE OR CROSS-REFERENCE-SERIES STATEMENT--PERSONAL NAME/TITLE [LOCAL, CANADA]
Personal name M 10894-2005
-- 84-348-2517-1
-- M-BN
Numeration BNALCALA
Attribution qualifier DL/1390618
Titles and other words associated with a name CONSERVACI
Existencias
Withdrawn status Lost status Source of classification or shelving scheme Damaged status Not for loan Collection code Home library Current library Date acquired Source of acquisition Total Checkouts Barcode Date last seen Price effective from Koha item type
    Dewey Decimal Classification     Colección Infantil General Biblioteca Pública Metropolitana Salomé Ureña Biblioteca Pública Metropolitana Salomé Ureña 02/21/2018 Donación   BPMSU18020217 02/21/2018 02/21/2018 Libros